000 00497nam a2200157Ia 4500
008 210719s2006 xx 000 0 und d
041 _aeng
082 _a305.56 STAI
100 _aST. ALOYSIUS COLLEGE
245 _aIndian Sociological Society RC-9: National conference on changing social order and the marginal groups; 9&10 Jan.2006.
260 _aMangalore
_bSt. Aloysius College
_c2006
300 _a61
_bPB
365 _cRs
650 _aSocial Classes
906 _aDalits Backward classes
999 _c214016
_d214016